|
|
|
|
| LEADER |
00900nam a22002057a 4500 |
| 001 |
28542 |
| 003 |
BD-DhAAL |
| 008 |
150123s2012 bg a 000 0 eng d |
| 020 |
|
|
|a 9789843355287
|
| 082 |
0 |
0 |
|a 338.91095492
|
| 100 |
|
|
|a শিকদার, আবদুর রব
|9 7408
|
| 245 |
1 |
0 |
|a বাংলাদেশ নবম জাতীয় সংসদঃ
|b ২০০৯-২০১৪ /
|c আবদুর রব শিকদার।
|
| 260 |
|
|
|a ঢাকাঃ
|b আগন্তুক,
|c ২০১২
|
| 300 |
|
|
|a ৮৪০ পৃ. :
|b চিত্র ;
|c ২২ সেমি।
|
| 541 |
|
|
|e 28542
|
| 610 |
2 |
0 |
|a Bangladesh
|b Jītīȧ Saṃsada.
|9 7409
|
| 651 |
|
|
|a Bangladesh
|x Politics and government
|9 5949
|
| 942 |
|
|
|2 ddc
|c BK
|
| 999 |
|
|
|c 33489
|d 33489
|
| 952 |
|
|
|0 0
|1 0
|2 ddc
|4 0
|6 338_910954920000000_SHI
|7 0
|9 44778
|a BRACUL
|b BRACUL
|c GEN
|d 2015-01-23
|l 0
|o 338.91095492 SHI
|p 3010028542
|r 2015-01-23
|t 1
|w 2015-01-23
|y BK
|